Torquay United Squad 2018/2019 - Statistics

General Stats
  • This quiz has been taken 17 times
    14 since last reset
  • The average score is 15 of 20
Answer Stats
Position Name % Correct
DF Ben Wynter
100%
MF Jake Andrews
100%
FW Jamie Reid
100%
GK Shaun MacDonald
100%
MF Asa Hall
91%
M Gary Johnson
91%
DF Kyle Cameron
91%
DF Liam Davis
91%
MF Conor Lemonheigh-Evans
82%
FW Ruairi Keating
82%
DF Jean-Yves Koue-Niate
73%
FW Olaf Koszela
73%
FW Saikou Janneh
73%
MF Frank Vincent
64%
MF Kalvin Lumbombo-Kalala
64%
DF Ryan Dickson
64%
MF Opanin Edwards
55%
GK George Burton
45%
DF Jamie Sendles-White
27%
DF Josh Baxter
9%
No matching quizzes found
Score Distribution
Percent of People with Each Score
Percentile by Number Answered
Your Score History
You have not taken this quiz since the last reset